000 01116cam a22003254a 4500
001 31205
005 20230410115816.0
008 040123s2004 cau b 001 0 eng
035 _a13466746
925 0 _aacquire
_b2 shelf copies
_xpolicy default
942 _2lcc
_cbk
010 _a 2004001629
020 _a0804747865 (cloth : alk. paper)
020 _a0804747873 (pbk. : alk. paper)
040 _aDLC
_cDLC
_dDLC
042 _apcc
043 _ad------
050 1 4 _aHM 621
_bC968 2004
082 0 0 _a306
_222
245 0 0 _aCulture and public action /
_cedited by Vijayendra Rao and Michael Walton.
260 _aStanford, Calif. :
_bStanford University Press :
_bStanford Social Sciences,
_c2004.
300 _axv, 442 p. ;
_c24 cm.
504 _aIncludes bibliographical references (p. [373]-414) and index.
650 0 _aCulture.
650 0 _aEconomic development
_xSocial aspects.
651 0 _aDeveloping countries
_xCultural policy.
700 1 _aRao, Vijayendra.
700 1 _aWalton, Michael,
_d1953-
856 4 1 _3Table of contents
_uhttp://www.loc.gov/catdir/toc/ecip0414/2004001629.html
999 _c48403
_d48403